| 000 | 01297nam a2200349 i 4500 | ||
|---|---|---|---|
| 001 | 000022216 | ||
| 003 | DO-SdBNP | ||
| 005 | 20240726154919.0 | ||
| 007 | ta | ||
| 008 | 100920s2001 mx bd d 000 0 spa d | ||
| 020 | _a9706515291 | ||
| 040 |
_aDO-SdBNP _bspa _cBNPHU _erda |
||
| 049 | _aBNGR | ||
| 082 | 4 |
_aR 320.9803 _bN964d _222 |
|
| 100 | 1 |
_aNudelman, Ricardo, _945948 _eautor |
|
| 245 | 1 | 0 |
_aDiccionario de política latinoamericana del siglo XX / _cRicardo Nudelman ; prólogo y notas, Juan Domingo Arguelles. |
| 264 |
_aMéxico, D.F. : _bOceano, _c2001. |
||
| 300 |
_a441 páginas : _bmapas; diágramas ; _c23 cm. |
||
| 336 |
_2rdaconten _atexto _btxt |
||
| 337 |
_2rdamedia _asin mediación _bn |
||
| 338 |
_2rdacarrier _avolumen _bnc |
||
| 490 | 1 | _aMayor | |
| 500 | _aIncluye índice de partidos políticos, movimientos insurgentes y organizaciones sociales | ||
| 500 | _aIncluye índice analítico y de nombres | ||
| 590 | _aInventariado, 2024/BT | ||
| 650 | 4 |
_aPolíticos _zAmérica Latina _ySiglo XX _vDiccionarios _xEspañol _945949 |
|
| 651 | 4 |
_aAmérica Latina _xPolítica y gobierno _ySiglo XX _vDiccionarios _xEspañol _945950 |
|
| 700 | 1 | 2 |
_aDomingo Arguelles, Juan _epról. _945951 |
| 830 | 0 |
_aMayor _914111 |
|
| 910 | _aValidado. Control de calidad MFF | ||
| 942 |
_2ddc _cLBS1 |
||
| 999 |
_c21714 _d21714 |
||